[Event "FRA-ch op-D"]
[Site "Pau"]
[Date "2012.08.23"]
[Round "9"]
[White "Georges, Lisa"]
[Black "Houssaye, Martin"]
[Result "1-0"]
[WhiteElo "1388"]
[BlackElo "1470"]
[PlyCount "77"]
[EventDate "2012.08.14"]
[EventType "swiss"]
[EventRounds "11"]
[EventCountry "FRA"]
[SourceTitle "EXT 2014"]
[Source "ChessBase"]
[SourceDate "2013.11.20"]
[SourceVersion "1"]
[SourceVersionDate "2013.11.20"]
[SourceQuality "1"]

1. d4 Nf6 2. c4 e6 3. Nc3 Bb4 4. Nf3 c5 5. Bd2 cxd4 6. Nxd4 0-0 7. e3 Nc6 8. Be2 Nxd4 9. exd4 Bxc3 10. Bxc3 d5 11. 0-0 Bd7 12. b3 Rc8 13. Rc1 Ne4 14. Bb4 Re8 15. f3 Nf6 16. Bd3 Bc6 17. Be1 Nd7 18. Bg3 f5 19. f4 Nf6 20. Bh4 Rf8 21. Re1 Qd6 22. Qd2 Ne4 23. Bxe4 fxe4 24. Bg3 Qe7 25. c5 Bb5 26. Qa5 a6 27. Qd2 Bd3 28. Qf2 Qd7 29. Qe3 Qb5 30. Rc3 Rc6 31. Qd2 Rfc8 32. a4 Qb4 33. Rxd3 Qxd2 34. Rxd2 b6 35. cxb6 Rxb6 36. Rb1 Rc3 37. Rdb2 Rd3 38. b4 Rxb4 39. Bf2 1-0